| 000 | 01047nam a22003017a 4500 | ||
|---|---|---|---|
| 001 | BR7806083 | ||
| 003 | BR-BrBNA | ||
| 005 | 20230928085731.0 | ||
| 007 | ta | ||
| 008 | 230509b bl.||||| |||| 00| 0 por d | ||
| 040 |
_aBR-BrBNA _bpor _cBiblioteca Nacional de Agricultura |
||
| 041 | _a(Por) | ||
| 072 |
_aF60 _b3410 _b3730 _b/G514 |
||
| 090 | _ 3410 BR7806083 | ||
| 100 | 1 | _aMartoni, A.M. | |
| 110 | 1 |
_aFundacao Universidade Estadual de Maringa, PR (Brasil). Depto. de Quimica _95064 |
|
| 245 | 1 | _aDeterminacao de aminoacidos por eletroforese em algas existentes na estacao de tratamento de esgotos (Lagoa e estabilizacao)da cidade de Maringa - Parana [Brasil] | |
| 260 | 3 |
_aMaringa, PR (Brasil): _c1978. |
|
| 300 | _a83 p. | ||
| 500 | _a29 ref. (*) Documento disponível na(o) Fundacao Universidade Estadual de Maringa, PR (Brazil). Biblioteca Central | ||
| 650 | _aALGA | ||
| 650 | _aAMINOACIDO | ||
| 650 | _aELETROFORESE | ||
| 650 | _aFITOPLANCTON | ||
| 650 | _aPARANA | ||
| 909 |
_a202309 _bLucia _c55 _dLucia Elande |
||
| 942 | _cBK | ||
| 999 |
_c26049 _d26049 |
||